[Event "Klatovy op-B 24th"]
[Site "Klatovy"]
[Date "2018.07.08"]
[Round "9"]
[White "Roskovec, Bedrich"]
[Black "Vilimek, Vit"]
[Result "0-1"]
[WhiteElo "1641"]
[BlackElo "1448"]
[PlyCount "80"]
[EventDate "2018.06.30"]
[EventType "swiss"]
[EventRounds "9"]
[EventCountry "CZE"]
[SourceTitle "EXT 2019"]
[Source "ChessBase"]
[SourceDate "2018.10.10"]
[SourceVersion "1"]
[SourceVersionDate "2018.10.10"]
[SourceQuality "1"]

1. e4 e5 2. Nf3 Nc6 3. Bb5 a6 4. Ba4 Bc5 5. c3 d6 6. d4 exd4 7. cxd4 Bb4+ 8. Bd2 Bxd2+ 9. Qxd2 b5 10. Bc2 Nf6 11. 0-0 0-0 12. Nc3 Re8 13. Rfe1 b4 14. Nd1 Bg4 15. Re3 Bxf3 16. gxf3 a5 17. Ba4 Ra6 18. Rc1 Qa8 19. d5 Ne5 20. Bxe8 Nxe8 21. Qe2 c5 22. f4 Nd7 23. Rg3 Nef6 24. Qf3 Qe8 25. Qd3 Rb6 26. f3 Nh5 27. Kf2 Nxf4 28. Qd2 Qe5 29. Rc4 Qf6 30. Ne3 Ne5 31. Rc2 Qh4 32. Kg1 Qxg3+ 33. hxg3 Nxf3+ 34. Kf2 Nxd2 35. Rxd2 Ng6 36. Nf5 Kf8 37. Ke3 Ne7 38. Nh4 Ng6 39. Nf5 Ne5 40. Kf4 g5+ 0-1

[Event "Klatovy op-B 23rd"]
[Site "Klatovy"]
[Date "2017.07.07"]
[Round "7"]
[White "Kubat, Ladislav"]
[Black "Roskovec, Bedrich"]
[Result "0-1"]
[WhiteElo "1482"]
[BlackElo "1585"]
[PlyCount "60"]
[EventDate "2017.07.01"]
[EventType "swiss"]
[EventRounds "9"]
[EventCountry "CZE"]
[SourceTitle "EXT 2018"]
[Source "ChessBase"]
[SourceDate "2017.10.13"]
[SourceVersion "1"]
[SourceVersionDate "2017.10.13"]
[SourceQuality "1"]

1. e4 e6 2. d4 d5 3. e5 c5 4. c3 Nc6 5. Nf3 cxd4 6. a3 dxc3 7. Nxc3 a6 8. Bd3 Be7 9. 0-0 Bc5 10. Be3 Bxe3 11. fxe3 Nh6 12. Qe1 Ng4 13. Qg3 Nxe3 14. Qxg7 Rf8 15. Rf2 Ne7 16. Ng5 N7f5 17. Bxf5 Nxf5 18. Qf6 Qxf6 19. exf6 h6 20. Nf3 Bd7 21. Re1 0-0-0 22. Rc1 Kb8 23. Ne5 Bc6 24. Na2 Rc8 25. h3 Be8 26. Rxc8+ Kxc8 27. Nb4 Nd4 28. Kf1 Rg8 29. Rf4 Nf5 30. Nxd5 Ng3+ 0-1

[Event "Klatovy op-B 23rd"]
[Site "Klatovy"]
[Date "2017.07.01"]
[Round "1"]
[White "Roskovec, Bedrich"]
[Black "Masek, Jan"]
[Result "0-1"]
[WhiteElo "1585"]
[BlackElo "1915"]
[PlyCount "86"]
[EventDate "2017.07.01"]
[EventType "swiss"]
[EventRounds "9"]
[EventCountry "CZE"]
[SourceTitle "EXT 2018"]
[Source "ChessBase"]
[SourceDate "2017.10.13"]
[SourceVersion "1"]
[SourceVersionDate "2017.10.13"]
[SourceQuality "1"]

1. e4 e5 2. Nf3 Nc6 3. Bb5 a6 4. Ba4 Nf6 5. 0-0 Be7 6. Re1 b5 7. Bb3 0-0 8. c3 d5 9. exd5 Nxd5 10. Nxe5 Nxe5 11. Rxe5 c6 12. d4 Bd6 13. Re1 Qh4 14. g3 Qh3 15. Qf3 Bg4 16. Qg2 Qh5 17. Bxd5 cxd5 18. Be3 Bf3 19. Qf1 f5 20. Nd2 f4 21. Nxf3 fxe3 22. Rxe3 Rxf3 23. Qe2 Raf8 24. Re1 Qf7 25. Rxf3 Qxf3 26. Qxf3 Rxf3 27. Re6 Rf6 28. Re8+ Bf8 29. Re5 Rd6 30. f4 g6 31. Kf2 Kf7 32. Kf3 Bg7 33. Re3 Re6 34. Rxe6 Kxe6 35. Kg4 h6 36. h4 Bf6 37. h5 Kf7 38. hxg6+ Kxg6 39. Kf3 Be7 40. b4 Bd8 41. Kg4 h5+ 42. Kf3 Kf5 43. Ke3 Kg4 0-1